000 01581nam a2200325 4500
001 349
003 OSt
005 20250528074018.0
008 250401b |||||||g |||| 00| 1 eng d
020 _a9788567296173
040 _bpor
041 _heng
_apor
082 _a813
_bF299m
100 _aFeist, Raymond E.
_d1945-
_9441
240 _aMagician: master
245 _aMago:
_bEspinho de Prata /
_cFeist, Raymond E. ; Tradução de Cristina Correia
260 _aRio de Janeiro
_bSaída de Emergência
_c2014
300 _a416 p.
490 1 _aA saga do Mago
_vLivro 03
520 _aDurante quase um ano, a paz reinou nas terras encantadas de Midkemia. Porém, novos desafios aguardam Arutha, o Príncipe de Krondor, quando Jimmy, a Mão - o mais jovem larápio do Zombadores, a Guilda dos Ladrões - surpreende um sinistro Falcão Noturno prestes a assassiná-lo. Que poder maléfico fez com que os mortos se levantassem para combater em nome da Guilda da Morte? E que magia poderosa poderá derrotá-los? Mas primeiro o Príncipe Arutha, na companhia de um mercenário, um bardo e um jovem ladrão, terá que fazer a viagem mais perigosa da sua vida, em busca de um antídoto para o veneno que está prestes a matar a bela Princesa no dia do seu próprio casamento.
650 0 _aLiteratura Americana
_984
650 0 _aFantasia
_945
650 0 _aAventura
_947
650 0 _aSeres mágicos
_946
655 0 _aRomance
_923
655 0 _aFicção
_922
700 _aCristina Correia
_eTradutor
_9442
830 _aA saga do Mago
_vLivro 03
_9443
942 _2ddc
_n0
_cBK
999 _c349
_d349